000 01516nam a2200337Ii 4500
001 1223042155
003 AUA.1
005 20250130132943.0
008 250130s2020 mdu 000 0 eng d
020 _a9780828028899
035 _a(OCoLC)1223042155
040 _aEXN
_beng
_cEXN
_dJTL
050 _aBV4438
_b.O46 2021
100 1 _aOliver, Willie.
245 1 0 _aI will go with my family :
_bfamily resilience /
_cWillie and Elaine Oliver.
246 1 0 _aUnity in community.
246 1 _iAt head of title:
_aAdventist family ministries.
260 _aSilver Spring, MD.:
_bReview and herald,
_cc2021.
300 _a193 pages ;
_c26 cm.
490 1 _aFamily ministries resource book
_v2021.
500 _a2022 Resource Book.
500 _a[Formerly called the Familiy Ministries Planbook.]
504 _aIncludes bibliographical references.
520 _aFamily resilience is for pastors and ministry leaders in their work with families in and out of the church. We hope the resources found in this volume will help develop healthier families, which invariably result in healthier churches that can reach the world with power and joy to help hasten the coming of Jesus Christ. -- back cover.
650 0 _aChurch work with families
_xSeventh-day Adventist Church.
700 1 _aOliver, Elaine.
740 0 _aFamily ministries planbook.
740 0 _aFamily ministries resource book.
830 0 _aFamily ministries resource book
_v2021.
942 _2lcc
_cBOOK
_hBV 4438
_i.O46 2021
999 _c24832
_d24832